LEADER 00715nam a2200205 i 4500 001 000000170684 003 CaOOAMICUS 005 20080405000000.0 008 080405s1972 it u000 u fre u 013 $a148100 040 $aSeMil$bita 245 10$aTome 2. 300 $a339 p. 500 $aContiene : Table chronologique de lettres. 700 1 $aOrcibal, Jean.$0(OLS)http://semarc/name/8662 773 0 $tCorrespondance de Fénelon.$dParis : Klincksieck, 1972-1976.$gTome2$w()19394 773 0 $tLettres antérieures à l'épiscopat.$gVolume$w()19395 850 $aSeMil 852 $aSeMil$W1$xVenegono$y1$m1V VI 76$j121567$B121567$CSeMilBibl$Z2$F132910 $81 996 $6245$aTome 2$9(OLS)http://semarc/title/1533 LEADER 01079nam a2200265 i 4500 001 000000126372 003 CaOOAMICUS 005 20040518000000.0 008 040518s1972 it u000 u ita u 013 $a99077 040 $aSeMil$bita 245 13$aLa vita religiosa :$bDocumenti /$ca cura di Antonello Ravazzi. 260 $aRoma :$bCentro Studi USMI,$ccopyr. 1972. 260 $aMilano :$bÀncora,$ccopyr. 1972. 300 $a734 p. ;$c20 cm. 490 0 $aAtti e documenti 650 4$aReligiosi - Magistero pontificio.$0(OLS)http://semarc/subject/24675 700 1 $aRavazzi, Antonello.$0(OLS)http://semarc/name/52508 830 0$aAtti e documenti.$0(OLS)http://semarc/title/8510 850 $aSeMil 852 $aSeMil$W1$xVenegono$y1$m3G II 469$j80745$B80745$CSeMilBibl$Z2$F83159 $81 961 $aRecupero: Seminario di Seveso 996 $6245$aLa vita religiosa :$bDocumenti$9(OLS)http://semarc/title/186289 996 $6260$aMilano :$bÀncora$9(OLS)http://semarc/publisher/29763 996 $6260$aRoma :$bCentro Studi USMI$9(OLS)http://semarc/publisher/32109